000 01060naa a22002897a 4500
001 BR8900640
003 BR-BrBNA
005 20240918180420.0
007 ta
008 230509b bl.||||| |||| 00| 0 por d
040 _aBR-BrBNA
_bpor
_cBiblioteca Nacional de Agricultura
041 _a(Pt)
072 _aF02
_b1112
090 _aF02 BR8900640
100 1 _aDantas, J.L.L.
100 1 _aShepherd, K.
100 1 _aAlves, E.J.
111 1 _aSeminario de Tecnologia Agropecuaria Inovadora para o Nordeste
_cFortaleza, CE (Brazil)
_d7-11 Apr 1986
245 1 _aPropagacao rapida da bananeira
260 3 _aFortaleza, CE (Brasil):
_c1986.
500 _aAnais do Seminario de Tecnologia Agropecuaria Inovadora para o Nordeste Fortaleza, CE (Brasil): 1986. p. 253-257 (BR8900640-AM)F02
650 _aBANANA
650 _aREPRODUCAO VEGETAL
773 0 _tAnais do Seminario de Tecnologia Agropecuaria Inovadora para o Nordeste
_wF02 BR8900640
_gFortaleza, CE (Brasil), 1986. p. 253-257
909 _a202404
_bLucia
_c55
_dLucia Elande
942 _cAM
_2AGRIS
999 _c320277
_d320277